000 00717nam a2200193 a 4500
008 100119s2008 ||||||||||||||||| || u
020 _a9780750687331
050 _aTK 4255 Sca
100 _aScaddan, Brian
245 1 0 _aElectrical installation work. -- 6th ed.
_cby Brian Scaddan
250 _a6th ed.
260 _aOxford:
_bElsevier
_c2008
300 _axiii, 452p.: ill.
350 _a0.00
650 _aELECTRICITY
650 _aELECTRIC ENGINEERING--PROBLEMS, EXERCISES
650 _aELECTRIC APPARATUS AND APPLIANCES--INSTALLATION
995 _D0.00
_FCBU-MAIN LIBRARY (Kitwe)
_H1
_I0.00
_M1
_UAVAILABLE
_WMar 10, 2010
_ZMain Library Open Access Collection
999 _c41476
_d41476